Welcome to the Holygrace Academy Library

Please use search bar below to get started

ONE GIRL SCHOOL (Record no. 5713)

MARC details
000 -LEADER
fixed length control field 00324nam a22001457a 4500
020 ## - INTERNATIONAL STANDARD BOOK NUMBER
ISBN 978-019-8-44-855-6
082 ## - DEWEY DECIMAL CLASSIFICATION NUMBER
Classification number 823
Item number BLA/O
100 ## - MAIN ENTRY--AUTHOR NAME
Personal name BLAKE, JOHN
245 ## - TITLE STATEMENT
Title ONE GIRL SCHOOL
260 ## - PUBLICATION, DISTRIBUTION, ETC. (IMPRINT)
Place of publication UK
Name of publisher OXFORD UNIVERSITY PRESS
Year of publication 2014
300 ## - PHYSICAL DESCRIPTION
Number of Pages 110
520 ## - SUMMARY, ETC.
Summary, etc ENGLISH NOVEL
650 ## - SUBJECT ADDED ENTRY--TOPICAL TERM
Topical Term ENGLISH NOVEL
942 ## - ADDED ENTRY ELEMENTS (KOHA)
Koha item type Books
Holdings
Withdrawn status Lost status Collection code Home library Current library Shelving location Date acquired Source of acquisition Full call number Accession Number Koha item type
    Fiction Main Library Main Library SHELF 15-I-CHILDREN'S STORYBOOKS 29/10/2019 Purchase 823 BLA/O 11829 Books